[Event "LTU-ch Rapid op"]
[Site "Panevezys"]
[Date "2020.07.04"]
[Round "2.6"]
[White "Rozentalis, Eduardas"]
[Black "Kaspute, Vesta"]
[Result "1/2-1/2"]
[WhiteElo "2502"]
[BlackElo "1982"]
[PlyCount "64"]
[EventDate "2020.07.04"]
[EventType "swiss (rapid)"]
[EventRounds "11"]
[EventCountry "LTU"]
[SourceTitle "EXT 2023"]
[Source "ChessBase"]
[SourceDate "2022.10.05"]
[SourceVersion "1"]
[SourceVersionDate "2022.10.05"]
[SourceQuality "1"]

1. e4 c5 2. Nf3 d6 3. Bb5+ Bd7 4. c4 a6 5. Bxd7+ Qxd7 6. d4 cxd4 7. Nxd4 Nc6 8. 0-0 g6 9. Nc3 Bg7 10. Be3 Nf6 11. f3 0-0 12. Qd2 Nxd4 13. Bxd4 Rfc8 14. Bxf6 Bxf6 15. Nd5 Qc6 16. Nxf6+ exf6 17. b3 b5 18. Rac1 bxc4 19. bxc4 Qc5+ 20. Kh1 Rab8 21. Qc3 Kg7 22. a3 Rc6 23. Rfd1 Qe5 24. Qd3 Rb2 25. Rc2 Rcb6 26. Rxb2 Qxb2 27. h3 Qa2 28. Kh2 Rb2 29. Rg1 Rd2 30. Qc3 Rc2 31. Qd3 Rd2 32. Qc3 Rc2 1/2-1/2

[Event "LTU-chT (Women)"]
[Site "Vilnius"]
[Date "2019.03.30"]
[Round "1.1"]
[White "Baginskaite, Camilla"]
[Black "Kaspute, Vesta"]
[Result "0-1"]
[WhiteElo "2136"]
[BlackElo "2037"]
[PlyCount "168"]
[EventDate "2019.03.30"]
[EventType "team-tourn"]
[EventRounds "3"]
[EventCountry "LTU"]
[SourceTitle "EXT 2020"]
[Source "ChessBase"]
[SourceDate "2019.10.17"]
[SourceVersion "1"]
[SourceVersionDate "2019.10.17"]
[SourceQuality "1"]

1. d4 Nf6 2. c4 g6 3. Nc3 d5 4. cxd5 Nxd5 5. e4 Nxc3 6. bxc3 Bg7 7. Bc4 c5 8. Ne2 0-0 9. 0-0 Nc6 10. Be3 Na5 11. Bd3 b6 12. Rc1 Qc7 13. Bf4 e5 14. Bxe5 Bxe5 15. dxe5 Rd8 16. Nf4 c4 17. Nd5 Rxd5 18. exd5 cxd3 19. Qxd3 Qxe5 20. Rfe1 Bf5 21. Qb5 Qd6 22. Re8+ Rxe8 23. Qxe8+ Kg7 24. Rd1 Bd7 25. Qe3 Nb7 26. c4 Qf6 27. d6 Ba4 28. Rc1 Qxd6 29. h3 Nc5 30. Re1 Bc6 31. Re2 h5 32. Rd2 Qe6 33. Qd4+ Kh7 34. Qf4 Qe7 35. Rd6 Bd7 36. Qd4 Be8 37. Rd5 Ne6 38. Qd2 Bc6 39. Rd6 Qb7 40. f3 Qc7 41. h4 Ba4 42. Qd3 Qc5+ 43. Kh2 Qf2 44. Qe4 Bc2 45. Qe5 Qxh4+ 46. Kg1 Ba4 47. c5 bxc5 48. Ra6 Be8 49. Rxa7 Qd4+ 50. Qxd4 cxd4 51. a4 d3 52. Kf2 Nc5 53. a5 Ba4 54. Ke3 Bc2 55. Rxf7+ Kh6 56. g3 Ba4 57. f4 Bb5 58. Rc7 Nb3 59. Rc8 Nxa5 60. Rb8 Bc4 61. Rc8 Ba6 62. Ra8 Nc4+ 63. Kxd3 Bb5 64. Kd4 Nd6 65. Kc5 Ne4+ 66. Kxb5 Nxg3 67. Kc5 Ne2 68. Ra4 Kg7 69. Re4 Ng3 70. Re3 h4 71. Ra3 Kf6 72. Kd4 Kf5 73. Ke3 h3 74. Ra5+ Kg4 75. Rg5+ Kh4 76. Kf3 h2 77. Rg4+ Kh5 78. Rg5+ Kh6 79. Kxg3 h1Q 80. Rg4 Qg1+ 81. Kh3 Qe3+ 82. Kh4 Qf3 83. f5 g5+ 84. Rxg5 Qf4+ 0-1

[Event "LTU-chT (Women)"]
[Site "Lithuania"]
[Date "2018.03.24"]
[Round "1.1"]
[White "Kaspute, Vesta"]
[Black "Berzina, Ilze"]
[Result "0-1"]
[WhiteElo "2068"]
[BlackElo "2197"]
[PlyCount "52"]
[EventDate "2018.03.24"]
[EventType "team-tourn"]
[EventRounds "5"]
[EventCountry "LTU"]
[SourceTitle "EXT 2019"]
[Source "ChessBase"]
[SourceDate "2018.10.10"]
[SourceVersion "1"]
[SourceVersionDate "2018.10.10"]
[SourceQuality "1"]
[WhiteTeam "Vilnius (W)"]
[BlackTeam "Kaunas Margiris (W)"]
[WhiteTeamCountry "LTU"]
[BlackTeamCountry "LTU"]

1. e4 c6 2. d4 d5 3. Nc3 dxe4 4. Nxe4 Nd7 5. Ng5 Ngf6 6. Bc4 e6 7. Qe2 Nb6 8. N1f3 Nxc4 9. Qxc4 h6 10. Nh3 Bd6 11. Bf4 Qc7 12. Bxd6 Qxd6 13. 0-0-0 b6 14. Ne5 Bb7 15. Rhe1 0-0 16. g4 Qd5 17. Qa4 b5 18. Qa3 b4 19. Qxb4 Qxa2 20. Qxb7 Rab8 21. Qe7 Qxb2+ 22. Kd2 Qxd4+ 23. Kc1 Qa1+ 24. Kd2 Qa5+ 25. Kc1 Nd5 26. Rxd5 Qxe1+ 0-1

[Event "LTU-chT (Women)"]
[Site "Vilnius"]
[Date "2017.01.28"]
[Round "1.2"]
[White "Radzvilaviciene, Daiva"]
[Black "Kaspute, Vesta"]
[Result "0-1"]
[WhiteElo "1645"]
[BlackElo "2068"]
[PlyCount "64"]
[EventDate "2017.01.28"]
[EventType "team-tourn"]
[EventRounds "7"]
[EventCountry "LTU"]
[SourceTitle "EXT 2018"]
[Source "ChessBase"]
[SourceDate "2017.10.13"]
[SourceVersion "1"]
[SourceVersionDate "2017.10.13"]
[SourceQuality "1"]
[WhiteTeam "Kaunas Margiris (W) II"]
[BlackTeam "Vilnius MRU (W)"]
[WhiteTeamCountry "LTU"]
[BlackTeamCountry "LTU"]

1. d4 Nf6 2. Nf3 g6 3. c4 d5 4. Nc3 Bg7 5. g3 0-0 6. Bg2 dxc4 7. Ne5 Ne8 8. e3 Bxe5 9. dxe5 Qxd1+ 10. Kxd1 c6 11. a4 Nd7 12. f4 Nc5 13. Kc2 Nc7 14. Rd1 Bg4 15. Rf1 N7a6 16. h3 Nb4+ 17. Kb1 Be6 18. g4 Nb3 19. Ra3 Nd3 20. Ne2 Ndxc1 21. Rxc1 Nxc1 22. Kxc1 Rfd8 23. Kc2 f6 24. exf6 exf6 25. Nd4 Bd5 26. Bf1 c5 27. Nb5 Be4+ 28. Kc1 Bd3 29. Bg2 Rd7 30. Rc3 Re8 31. Na3 Rxe3 32. Nxc4 Re1+ 0-1

[Event "LTU-ch sf (Women)"]
[Site "Vilnius"]
[Date "2015.02.23"]
[Round "7"]
[White "Kaspute, Vesta"]
[Black "Batyte, Daiva"]
[Result "1/2-1/2"]
[WhiteElo "2062"]
[BlackElo "2067"]
[PlyCount "51"]
[EventDate "2015.02.18"]
[EventType "swiss"]
[EventRounds "8"]
[EventCountry "LTU"]
[SourceTitle "EXT 2018"]
[Source "ChessBase"]
[SourceDate "2017.10.13"]
[SourceVersion "1"]
[SourceVersionDate "2017.10.13"]
[SourceQuality "1"]

1. e4 g6 2. d4 Bg7 3. f4 d6 4. Nf3 c6 5. Nc3 Nf6 6. Bd3 Na6 7. 0-0 Nb4 8. Be2 d5 9. e5 Ne4 10. Nxe4 dxe4 11. Ng5 f5 12. exf6 exf6 13. Nxe4 f5 14. Nf2 Qxd4 15. Qxd4 Bxd4 16. c3 Bxf2+ 17. Kxf2 Nd5 18. Re1 Kf7 19. Bf3 Be6 20. Be3 Rhe8 21. g3 a6 22. Bd4 Rad8 23. b3 Nb4 24. Re2 Nd5 25. Bxd5 Bxd5 26. Rxe8 1/2-1/2

[Event "LTU-ch sf (Women)"]
[Site "Vilnius"]
[Date "2015.02.22"]
[Round "6"]
[White "Sibajeva, Marija"]
[Black "Kaspute, Vesta"]
[Result "0-1"]
[WhiteElo "1871"]
[BlackElo "2062"]
[PlyCount "50"]
[EventDate "2015.02.18"]
[EventType "swiss"]
[EventRounds "8"]
[EventCountry "LTU"]
[SourceTitle "EXT 2018"]
[Source "ChessBase"]
[SourceDate "2017.10.13"]
[SourceVersion "1"]
[SourceVersionDate "2017.10.13"]
[SourceQuality "1"]

1. d4 Nf6 2. c4 g6 3. f3 e5 4. Bg5 exd4 5. Qxd4 Be7 6. Nc3 Nc6 7. Qh4 d6 8. Ne4 Nxe4 9. Qxe4 Be6 10. Bxe7 Qxe7 11. e3 0-0-0 12. Ne2 f5 13. Qc2 Bf7 14. e4 fxe4 15. fxe4 Rhe8 16. Nc3 d5 17. cxd5 Nb4 18. Qe2 Nxd5 19. Nxd5 Bxd5 20. 0-0-0 Bxa2 21. Rxd8+ Rxd8 22. Qe3 Qd7 23. Be2 Qc6+ 24. Qc3 Qxe4 25. Qh3+ Kb8 0-1

[Event "LTU-ch sf (Women)"]
[Site "Vilnius"]
[Date "2015.02.19"]
[Round "2"]
[White "Kaspute, Vesta"]
[Black "Kartanaite, Marija"]
[Result "1-0"]
[WhiteElo "2062"]
[BlackElo "1866"]
[PlyCount "75"]
[EventDate "2015.02.18"]
[EventType "swiss"]
[EventRounds "8"]
[EventCountry "LTU"]
[SourceTitle "EXT 2018"]
[Source "ChessBase"]
[SourceDate "2017.10.13"]
[SourceVersion "1"]
[SourceVersionDate "2017.10.13"]
[SourceQuality "1"]

1. e4 e6 2. d4 b6 3. Nf3 Bb7 4. Bd3 Nf6 5. Qe2 d5 6. e5 Ne4 7. Nbd2 Nxd2 8. Bxd2 c5 9. c3 h6 10. 0-0 a5 11. Rac1 Ba6 12. Bxa6 Rxa6 13. c4 Be7 14. cxd5 Qxd5 15. dxc5 Bxc5 16. Qb5+ Qd7 17. Rxc5 0-0 18. Qxd7 Nxd7 19. Rc7 Nc5 20. Be3 Nd3 21. g3 Nb4 22. a3 Nd5 23. Rc6 Raa8 24. Rfc1 b5 25. Nd4 b4 26. Nb5 Rab8 27. a4 Nxe3 28. fxe3 Rfd8 29. Nd6 b3 30. Rc8 Kh7 31. Rxb8 Rxb8 32. Rc5 Rb6 33. Rb5 Rc6 34. Rxb3 f6 35. Rc3 Rb6 36. Nc4 Rb4 37. b3 fxe5 38. Nxa5 1-0

[Event "Vilnius-ch final"]
[Site "Vilnius"]
[Date "2012.12.30"]
[Round "4"]
[White "Kaspute, Vesta"]
[Black "Novikovas, Anatolijus"]
[Result "1-0"]
[WhiteElo "2102"]
[BlackElo "1934"]
[PlyCount "31"]
[EventDate "2012.12.29"]
[EventType "swiss"]
[EventRounds "4"]
[EventCountry "LTU"]
[SourceTitle "EXT 2014"]
[Source "ChessBase"]
[SourceDate "2013.11.20"]
[SourceVersion "1"]
[SourceVersionDate "2013.11.20"]
[SourceQuality "1"]

1. e4 c5 2. Nf3 e6 3. d4 cxd4 4. Nxd4 Nc6 5. Nc3 Qc7 6. Be2 a6 7. 0-0 Nf6 8. Kh1 Be7 9. Be3 d6 10. f4 0-0 11. Qe1 Bd7 12. Qg3 Nxd4 13. Bxd4 e5 14. fxe5 dxe5 15. Bxe5 Qb6 16. Nd5 1-0

[Event "Olympiad Women-40"]
[Site "Istanbul"]
[Date "2012.08.31"]
[Round "4.3"]
[White "Le, Kieu Thien Kim"]
[Black "Kaspute, Vesta"]
[Result "1-0"]
[WhiteElo "2226"]
[BlackElo "2118"]
[PlyCount "95"]
[EventDate "2012.08.28"]
[EventType "team-swiss"]
[EventRounds "11"]
[EventCountry "TUR"]
[SourceTitle "CBM 150 Extra"]
[Source "ChessBase"]
[SourceDate "2012.10.19"]
[SourceVersion "1"]
[SourceVersionDate "2012.10.19"]
[SourceQuality "1"]
[WhiteTeam "Vietnam (W)"]
[BlackTeam "Lithuania (W)"]
[WhiteTeamCountry "VIE"]
[BlackTeamCountry "LTU"]

1. d4 Nf6 2. Nf3 g6 3. Bf4 Bg7 4. e3 d6 5. h3 0-0 6. Be2 b6 7. 0-0 Bb7 8. a4 a6 9. c3 Nbd7 10. Nbd2 Qe8 11. Nc4 Ne4 12. Bh2 e5 13. dxe5 dxe5 14. Qb1 Qe7 15. Rd1 Rad8 16. Qa2 Ng5 17. Ne1 Qe6 18. h4 Ne4 19. Nd3 a5 20. Ncxe5 Qxa2 21. Rxa2 Nxe5 22. Nxe5 Rxd1+ 23. Bxd1 Rd8 24. Ra1 Rd2 25. f3 Nd6 26. b4 Nf5 27. Nc4 Rd3 28. bxa5 Rxc3 29. Ne5 Rxe3 30. f4 Nxh4 31. Rc1 Bxe5 32. fxe5 bxa5 33. Kf2 Rd3 34. Bf4 Nf5 35. Bg5 Rd7 36. Bf6 Rd2+ 37. Ke1 Rd7 38. Rb1 c5 39. Bf3 Nd4 40. Bxb7 Nc2+ 41. Ke2 Nb4 42. Rd1 Rxd1 43. Kxd1 Kf8 44. Kd2 Ke8 45. Kc3 Kd7 46. Kc4 Kc7 47. Bd5 Nc2 48. Kxc5 1-0

[Event "Olympiad Women-40"]
[Site "Istanbul"]
[Date "2012.08.30"]
[Round "3.2"]
[White "Kaspute, Vesta"]
[Black "Abarca Gonzalez, Damaris"]
[Result "1/2-1/2"]
[WhiteElo "2118"]
[BlackElo "2024"]
[PlyCount "81"]
[EventDate "2012.08.28"]
[EventType "team-swiss"]
[EventRounds "11"]
[EventCountry "TUR"]
[SourceTitle "CBM 150 Extra"]
[Source "ChessBase"]
[SourceDate "2012.10.19"]
[SourceVersion "1"]
[SourceVersionDate "2012.10.19"]
[SourceQuality "1"]
[WhiteTeam "Lithuania (W)"]
[BlackTeam "Chile (W)"]
[WhiteTeamCountry "LTU"]
[BlackTeamCountry "CHI"]

1. e4 c5 2. Nf3 e6 3. d4 cxd4 4. Nxd4 a6 5. Bd3 Bc5 6. Nb3 Be7 7. c4 Qc7 8. Be3 d6 9. Nc3 Nf6 10. Rc1 b6 11. 0-0 0-0 12. f3 Bb7 13. Qe2 Nbd7 14. Qf2 Rac8 15. Rfd1 Bd8 16. Bf1 Qb8 17. Nd4 Bc7 18. g3 Rfe8 19. Bh3 Rcd8 20. Nc2 Ba8 21. Bf1 h6 22. Rd2 Ne5 23. Rcd1 Qb7 24. h3 Ned7 25. Bg2 b5 26. cxb5 axb5 27. Nd4 b4 28. Ncb5 Bb8 29. a4 bxa3 30. Nxa3 d5 31. exd5 Nxd5 32. f4 N7b6 33. Ndb5 Nc4 34. Nxc4 Qxb5 35. Ne5 Bc7 36. Bc5 Ba5 37. Rd3 Rc8 38. Bd4 Nb4 39. Rc3 Bxg2 40. Kxg2 Nd5 41. Rcc1 1/2-1/2

[Event "LTU-chT 0910"]
[Site "Lithuania"]
[Date "2010.04.11"]
[Round "9.25"]
[White "Kaspute, Vesta"]
[Black "Sulikiene, Kristina"]
[Result "0-1"]
[WhiteElo "2052"]
[BlackElo "2004"]
[PlyCount "110"]
[EventDate "2009.11.07"]
[EventType "team-tourn"]
[EventRounds "9"]
[EventCountry "LTU"]
[SourceTitle "EXT 2022"]
[Source "ChessBase"]
[SourceDate "2021.10.06"]
[SourceVersion "1"]
[SourceVersionDate "2021.10.06"]
[SourceQuality "1"]
[WhiteTeam "Vilnius Fortas"]
[BlackTeam "Kaunas Trys nuliai"]
[WhiteTeamCountry "LTU"]
[BlackTeamCountry "LTU"]

1. e4 e5 2. Nf3 Nf6 3. Nxe5 d6 4. Nf3 Nxe4 5. Nc3 Nf6 6. d4 Be7 7. Bf4 Bg4 8. Be2 h6 9. Qd2 d5 10. h3 Bf5 11. g4 Ne4 12. Qe3 Nxc3 13. Qxc3 Nc6 14. Qb3 Bc8 15. 0-0-0 Kf8 16. Kb1 a6 17. Ne5 Nxe5 18. dxe5 c6 19. Be3 b5 20. f4 Qc7 21. Rhf1 a5 22. Qc3 b4 23. Qd2 a4 24. c4 bxc3 25. Qxc3 Rb8 26. Rxd5 Qb7 27. Rd2 a3 28. b3 Be6 29. Bc5 Bxc5 30. Qxc5+ Kg8 31. Bc4 Bxc4 32. Qxc4 Kh7 33. Qe4+ g6 34. f5 Rhg8 35. Rfd1 c5 36. fxg6+ Rxg6 37. Qxb7 Rxb7 38. Rd7 Rxd7 39. Rxd7 Kg7 40. Rd5 h5 41. gxh5 Rg2 42. Rxc5 Rb2+ 43. Ka1 Re2 44. Rc1 Rxe5 45. b4 f5 46. Rb1 f4 47. b5 f3 48. b6 f2 49. b7 Re8 50. h6+ Kxh6 51. h4 Kh5 52. Rb5+ Kxh4 53. b8Q f1Q+ 54. Rb1 Qf6+ 55. Rb2 Re1# 0-1